00477 2200169 4500001002100000008004100021035002000062245005200082100002400134260004500158300002700203020002200230084001800252082001100270650001400281990001200295INLIS000000000001412 Ind  a0010-0924000009 aEnsiklopedia Desa PertaniancTubagus Mardian P. aMardian P., Tubagus aJakartabPT. Educarindo Compumediac2016 a144 hlm.c17,5 x 25 cm a978-979-3901-76-3 a630.203 TUB e a630203 aPertanian a0750913